000 00388nam a2200157Ia 4500
008 230524s9999 xx 000 0 und d
082 _a4.33
_bMON
100 _aRobert G.Murdnick
245 0 _aInformation System For Modern Management
250 _a3RD
260 _aNEW DELHI
_bPHI
_c1998
300 _aXVIII;525
500 _aQuantity Number: 18
650 _aComp-Sc
942 _cBK
999 _c14308
_d14308